Landlord & tenant. (Record no. 100887)

MARC details
000 -LEADER
fixed length control field 00718cam a2200241 4500
008 - FIXED-LENGTH DATA ELEMENTS--GENERAL INFORMATION
fixed length control field 000000n2000 000 0 eng u
020 ## - INTERNATIONAL STANDARD BOOK NUMBER
International Standard Book Number 1841740985
035 ## - SYSTEM CONTROL NUMBER
System control number (Sirsi) u109154
041 ## - LANGUAGE CODE
Language code of text/sound track or separate title eng
050 ## - LIBRARY OF CONGRESS CALL NUMBER
Classification number 346.410434
100 ## - MAIN ENTRY--PERSONAL NAME
Personal name Pawlowski, Mark
245 ## - TITLE STATEMENT
Title Landlord & tenant.
250 ## - EDITION STATEMENT
Edition statement 2nd ed.
260 ## - PUBLICATION, DISTRIBUTION, ETC.
Place of publication, distribution, etc. London
Name of publisher, distributor, etc. Blackstone Press Limited
Date of publication, distribution, etc. 2000
300 ## - PHYSICAL DESCRIPTION
Extent xxvii,289p. ; 23cm.
350 ## - PRICE (NR) (BK AM CF MU VM SE) [OBSOLETE]
Price 9.95
490 ## - SERIES STATEMENT
Series statement Law Questions and Answers
520 ## - SUMMARY, ETC.
Summary, etc. A collection of detailed answers to typical examination questions on all aspects of landlord and tenant law. Aimed at students.
650 ## - SUBJECT ADDED ENTRY--TOPICAL TERM
Topical term or geographic name entry element LAW
690 ## - LOCAL SUBJECT ADDED ENTRY--TOPICAL TERM (OCLC, RLIN)
Topical term or geographic name as entry element PROPERTY-LANDLORD AND TENANT
700 ## - ADDED ENTRY--PERSONAL NAME
Personal name Brown, James
942 ## - ADDED ENTRY ELEMENTS (KOHA)
Suppress in OPAC 0
Holdings
Withdrawn status Lost status Source of classification or shelving scheme Damaged status Not for loan Home library Current library Shelving location Date acquired Total Checkouts Full call number Barcode Date last seen Date last checked out Copy number Price effective from Koha item type
    Dewey Decimal Classification     London London Books 20/09/2001 42 346.410434 PAW 30064902 06/08/2019 15/12/2009 1 06/08/2019 Book